California Counties by Population - Statistics

General Stats
  • This quiz has been taken 478 times
    477 since last reset
  • The average score is 24 of 58
Answer Stats
Population County % Correct
10,014,009 Los Angeles
99%
3,298,634 San Diego
92%
3,186,989 Orange
88%
2,418,185 Riverside
82%
2,181,654 San Bernardino
79%
1,585,055 Sacramento
73%
1,682,353 Alameda
72%
1,936,259 Santa Clara
72%
1,008,654 Fresno
68%
873,965 San Francisco
67%
1,165,927 Contra Costa
64%
909,235 Kern
62%
843,843 Ventura
59%
764,442 San Mateo
53%
779,233 San Joaquin
52%
448,229 Santa Barbara
47%
488,863 Sonoma
45%
552,878 Stanislaus
43%
1,204 Alpine
42%
439,035 Monterey
41%
453,491 Solano
40%
473,117 Tulare
40%
262,231 Marin
39%
282,424 San Luis Obispo
38%
270,861 Santa Cruz
37%
281,202 Merced
36%
138,019 Napa
34%
404,739 Placer
34%
211,632 Butte
32%
216,403 Yolo
32%
179,702 Imperial
31%
19,016 Inyo
30%
8,700 Modoc
30%
152,940 Kings
29%
182,155 Shasta
29%
3,236 Sierra
29%
13,195 Mono
28%
102,241 Nevada
27%
81,575 Yuba
27%
27,743 Del Norte
26%
136,463 Humboldt
26%
32,730 Lassen
26%
68,163 Lake
25%
156,255 Madera
25%
99,633 Sutter
25%
191,185 El Dorado
24%
44,076 Siskiyou
24%
40,474 Amador
23%
17,131 Mariposa
23%
91,601 Mendocino
23%
64,209 San Benito
23%
65,829 Tehama
23%
28,917 Glenn
22%
16,112 Trinity
22%
21,839 Colusa
21%
45,292 Calaveras
20%
55,620 Tuolumne
20%
19,790 Plumas
19%
No matching quizzes found
Score Distribution
Percent of People with Each Score
Percentile by Number Answered
Your Score History
You have not taken this quiz since the last reset